000 00603nam a2200229Ia 4500
003 OSt
005 20220928144051.0
006 a|||||r|||| 00| 0
007 ta
008 220927b |||||||| |||| 00| 0 eng d
024 _a24010
037 _cTextual
040 _aSDCL
_cSDCL
_beng
041 _2eng
_aeng
082 _aX9:8.3'N8, M3
100 _aJones Derek
_9506694
245 0 _aHow to start, run and succeed in your own business
260 _c1983
700 _a Perry W H
_9506695
942 _hX9:8.3'N8, M3
_cTEXL
_2CC
999 _c825935
_d825935